<?xml version="1.0" encoding="UTF-8"?>
<record
    xmlns:xsi="http://www.w3.org/2001/XMLSchema-instance"
    xsi:schemaLocation="http://www.loc.gov/MARC21/slim http://www.loc.gov/standards/marcxml/schema/MARC21slim.xsd"
    xmlns="http://www.loc.gov/MARC21/slim">

  <leader>02329cas a2200505 a 4500</leader>
  <controlfield tag="001">11033</controlfield>
  <controlfield tag="003">BD-RjUL</controlfield>
  <controlfield tag="005">20211208235047.0</controlfield>
  <controlfield tag="008">140126s1967    ny aa p       0 1 a0eng</controlfield>
  <datafield tag="030" ind1=" " ind2=" ">
    <subfield code="a">CLCMAB</subfield>
    <subfield code="z">CCMPA7</subfield>
  </datafield>
  <datafield tag="035" ind1=" " ind2=" ">
    <subfield code="a">(BD-RjUL)11082</subfield>
  </datafield>
  <datafield tag="040" ind1=" " ind2=" ">
    <subfield code="a">DLC</subfield>
    <subfield code="c">DLC</subfield>
    <subfield code="d">NSDP</subfield>
    <subfield code="d">MH</subfield>
    <subfield code="d">OCoLC</subfield>
    <subfield code="d">AIP</subfield>
    <subfield code="d">MH</subfield>
    <subfield code="d">AIP</subfield>
    <subfield code="d">NSDP</subfield>
    <subfield code="d">NST</subfield>
    <subfield code="d">MH</subfield>
    <subfield code="d">PBL</subfield>
    <subfield code="d">DLC</subfield>
    <subfield code="d">DNLM</subfield>
    <subfield code="d">InU</subfield>
    <subfield code="d">OCoLC</subfield>
    <subfield code="d">DLC</subfield>
    <subfield code="d">MCM</subfield>
    <subfield code="d">OCoLC</subfield>
    <subfield code="d">MCM</subfield>
    <subfield code="d">GOSCI</subfield>
    <subfield code="d">OCoLC</subfield>
    <subfield code="d">CU-A</subfield>
    <subfield code="d">DLC</subfield>
    <subfield code="d">BD-RjUL</subfield>
    <subfield code="b">eng</subfield>
  </datafield>
  <datafield tag="041" ind1="0" ind2=" ">
    <subfield code="a">eng</subfield>
    <subfield code="b">fre</subfield>
    <subfield code="b">ger</subfield>
    <subfield code="b">rus</subfield>
  </datafield>
  <datafield tag="082" ind1=" " ind2="4">
    <subfield code="a">552.5</subfield>
    <subfield code="b">CLA</subfield>
  </datafield>
  <datafield tag="245" ind1="0" ind2="0">
    <subfield code="a">Clays and clay minerals :</subfield>
    <subfield code="b">proceedings of the fifteenth conference pittsburgh, pennsylvania /</subfield>
    <subfield code="c">conducted by The clay minerals society, editor S. W&gt; Bailey and others.</subfield>
    <subfield code="n">Volume 27</subfield>
  </datafield>
  <datafield tag="250" ind1=" " ind2=" ">
    <subfield code="a">1st ed.</subfield>
  </datafield>
  <datafield tag="260" ind1=" " ind2=" ">
    <subfield code="a">Oxford ;</subfield>
    <subfield code="a">New York :</subfield>
    <subfield code="b">Symposium Publications Division, Pergamon Press,</subfield>
    <subfield code="c">c1967.</subfield>
  </datafield>
  <datafield tag="260" ind1="2" ind2=" ">
    <subfield code="a">Boulder, CO :</subfield>
    <subfield code="b">Clay Minerals Society</subfield>
  </datafield>
  <datafield tag="260" ind1="3" ind2=" ">
    <subfield code="a">Chantilly, VA :</subfield>
    <subfield code="b">Clay Minerals Society</subfield>
  </datafield>
  <datafield tag="300" ind1=" " ind2=" ">
    <subfield code="a">v. :</subfield>
    <subfield code="b">ill. ;</subfield>
    <subfield code="c">27 cm.</subfield>
  </datafield>
  <datafield tag="321" ind1=" " ind2=" ">
    <subfield code="a">Annual,</subfield>
    <subfield code="b">1965-66</subfield>
  </datafield>
  <datafield tag="490" ind1="1" ind2=" ">
    <subfield code="a">International series of monographs on earth sciences</subfield>
  </datafield>
  <datafield tag="500" ind1=" " ind2=" ">
    <subfield code="a">Title from cover.</subfield>
  </datafield>
  <datafield tag="504" ind1=" " ind2=" ">
    <subfield code="a">Includes bibliographical references and index.</subfield>
  </datafield>
  <datafield tag="510" ind1="2" ind2=" ">
    <subfield code="a">Chemical abstracts</subfield>
    <subfield code="x">0009-2258</subfield>
  </datafield>
  <datafield tag="550" ind1=" " ind2=" ">
    <subfield code="a">Vol. for 1965 constitutes the proceedings of the National Conference on Clays and Clay Minerals; vol. for 1966 constitutes the proceedings of the Clay Minerals Conference.</subfield>
  </datafield>
  <datafield tag="550" ind1=" " ind2=" ">
    <subfield code="a">Journal of the Clay Minerals Society, 1968-&lt;2003&gt;.</subfield>
  </datafield>
  <datafield tag="650" ind1=" " ind2="0">
    <subfield code="a">Clay</subfield>
    <subfield code="v">Periodicals.</subfield>
    <subfield code="9">34098</subfield>
  </datafield>
  <datafield tag="650" ind1=" " ind2="0">
    <subfield code="a">Clay minerals</subfield>
    <subfield code="v">Periodicals.</subfield>
    <subfield code="9">34099</subfield>
  </datafield>
  <datafield tag="650" ind1=" " ind2="0">
    <subfield code="a">Clay industries</subfield>
    <subfield code="v">Periodicals.</subfield>
    <subfield code="9">34100</subfield>
  </datafield>
  <datafield tag="700" ind1="1" ind2=" ">
    <subfield code="a">Bailey, S. W.</subfield>
    <subfield code="9">34101</subfield>
  </datafield>
  <datafield tag="710" ind1="2" ind2=" ">
    <subfield code="a">Clay Minerals Society.</subfield>
    <subfield code="9">34102</subfield>
  </datafield>
  <datafield tag="711" ind1="2" ind2=" ">
    <subfield code="a">National Conference on Clays and Clay Minerals.</subfield>
    <subfield code="9">34103</subfield>
  </datafield>
  <datafield tag="711" ind1="2" ind2=" ">
    <subfield code="a">Clay Minerals Conference.</subfield>
    <subfield code="9">34104</subfield>
  </datafield>
  <datafield tag="776" ind1="1" ind2=" ">
    <subfield code="t">Clays and clay minerals (Online)</subfield>
    <subfield code="x">1552-8367</subfield>
    <subfield code="w">(DLC)  2004236701</subfield>
    <subfield code="w">(OCoLC)55200449</subfield>
  </datafield>
  <datafield tag="780" ind1="0" ind2="0">
    <subfield code="a">National Conference on Clays and Clay Minerals.</subfield>
    <subfield code="t">Clays and clay minerals</subfield>
    <subfield code="w">(DLC)   67024995</subfield>
  </datafield>
  <datafield tag="830" ind1=" " ind2="0">
    <subfield code="a">International series of monographs on earth sciences.</subfield>
    <subfield code="9">34105</subfield>
  </datafield>
  <datafield tag="942" ind1=" " ind2=" ">
    <subfield code="2">ddc</subfield>
    <subfield code="c">BK</subfield>
  </datafield>
  <datafield tag="999" ind1=" " ind2=" ">
    <subfield code="c">11033</subfield>
    <subfield code="d">11033</subfield>
  </datafield>
  <datafield tag="952" ind1=" " ind2=" ">
    <subfield code="0">0</subfield>
    <subfield code="1">0</subfield>
    <subfield code="2">ddc</subfield>
    <subfield code="3">V-27</subfield>
    <subfield code="4">0</subfield>
    <subfield code="7">1</subfield>
    <subfield code="8">NFIC</subfield>
    <subfield code="a">RUCL</subfield>
    <subfield code="b">RUCL</subfield>
    <subfield code="c">Reading</subfield>
    <subfield code="d">1970-06-04</subfield>
    <subfield code="e">Zeitlinger</subfield>
    <subfield code="g">0.00</subfield>
    <subfield code="l">0</subfield>
    <subfield code="o">552.5 CLA 1967</subfield>
    <subfield code="r">2014-01-26 00:00:00</subfield>
    <subfield code="t">C-1</subfield>
    <subfield code="w">2021-12-08</subfield>
    <subfield code="y">BK</subfield>
  </datafield>
</record>
